00576nam a2200133Ia 4500008004100000020001800041100002100059245015000080250001100230260003500241300001400276999001900290952013300309180116s9999 xx 000 0 und d a9780702070297 aWatson, David G. cDavid G. Watson, RuAngelie Edrada-Ebel, Bhavik A. PatelaPharmaceutical Analysis :ba texbook for pharmacy students and pharmaceutical chemists / a4th ed aEdinburghbElsevier lmt.c2017 a461 pages c353228d353228 00102lcc40aSSLCbSSLC-SCcNULLd2018-01-16eLibrary Fundl0oRS 189 .W337 2017pSSLC1611r2018-01-16 00:00:00w2018-01-16yBK